Journey Of a Nation : (Record no. 195613)
[ view plain ]
| 000 -LEADER | |
|---|---|
| fixed length control field | 00706nam a22001937a 4500 |
| 005 - DATE AND TIME OF LATEST TRANSACTION | |
| control field | 20230406162708.0 |
| 010 ## - LCCN (DPL NO) | |
| LC control number | ENG-136643 |
| 020 ## - INTERNATIONAL STANDARD BOOK NUMBER | |
| Terms of availability | 2500.00 |
| International Standard Book Number | 9788171888405 |
| 035 ## - SYSTEM CONTROL NUMBER | |
| System control number | EN-120175 |
| 037 ## - SOURCE OF ACQUISITION | |
| Source of stock number/acquisition | DBAD/PUB |
| 082 ## - DEWEY DECIMAL CLASSIFICATION NUMBER | |
| Classification number | 320.95402 |
| 245 00 - TITLE STATEMENT | |
| Title | Journey Of a Nation : |
| Remainder of title | Indian National Congree 125 Years / |
| Statement of responsibility, etc | Edited By Anand Sharma |
| 250 ## - EDITION STATEMENT | |
| Edition statement | First |
| 260 ## - PUBLICATION, DISTRIBUTION, ETC. (IMPRINT) | |
| Name of publisher, distributor, etc | Academic Foundaton |
| Place of publication, distribution, etc | New Delhi |
| Date of publication, distribution, etc | 2011 |
| 270 ## - ADDRESS | |
| City | New Delhi |
| Postal code | 110002 |
| Address | 4772-73/23 Bahrat Ram Road (23 Ansari Road) Darya Ganj |
| Telephone number | +91-11-23245001/02/03/04 |
| Fax number | 91-11-23245005 |
| Electronic mail address | books@academicfoundation.com |
| 300 ## - PHYSICAL DESCRIPTION | |
| Extent | 306p.; |
| Dimensions | 25cm(pbk) |
| Other physical details | ill. |
| 700 ## - ADDED ENTRY--PERSONAL NAME | |
| Personal name | Sharma, Anand |
| Relator term | Editor |
| 942 ## - ADDED ENTRY ELEMENTS (KOHA) | |
| Source of classification or shelving scheme | Dewey Decimal Classification |
| Item type | English Books |
| Call number suffix | JOU |
| Classification part | 320.95402 |
| Withdrawn status | Lost status | Not for loan | Collection code | Home library | Current library | Date acquired | Source of acquisition | Cost, normal purchase price | Full call number | Barcode | Copy number | Cost, replacement price | Koha item type |
|---|---|---|---|---|---|---|---|---|---|---|---|---|---|
| Reference | Central Library | Central Library | 06/04/2023 | DBAD/PUB | 2500.00 | 320.95402 JOU | EN-120175 | 1 | 2500.00 | English Books |
